000
00334 a2200169 4500
001
192140
020
_a
978-85-260-2208-9
040
_c
Magnum
100
_a
Bandeira, Manuel
240
1
0
_a
Opus 10
_l
por
245
1
0
_a
Opus 10
300
_a
87
362
0
_a
2015
440
1
_a
Global
697
_a
LITERATURA GERAL
942
_c
BK
999
_c
192140
_d
192140